Journal of Pathology & Medicine (Record no. 30244)
[ view plain ]
| 000 -LEADER | |
|---|---|
| fixed length control field | 00212nam a22000977a 4500 |
| 003 - CONTROL NUMBER IDENTIFIER | |
| control field | SGT |
| 245 ## - TITLE STATEMENT | |
| Title | Journal of Pathology & Medicine |
| 260 ## - PUBLICATION, DISTRIBUTION, ETC. (IMPRINT) | |
| Name of publisher, distributor, etc | Wiley Publisher |
| Year of Publication | 2014,2017 |
| 300 ## - PAGE DESCRIPTION | |
| No. of Pages | 765,1040 |
| 942 ## - ADDED ENTRY ELEMENTS (KOHA) | |
| Source of classification or shelving scheme | Dewey Decimal Classification |
| Koha item type | Back Volumes |
| Withdrawn status | Lost status | Source of classification or shelving scheme | Damaged status | Use restrictions | Not for loan | Home library | Current library | Date acquired | Volume Information (Serial or Books or Non-Book Material) | SGTU | Total Checkouts | Accession No. (Barcode) | Date last seen | Bill Date | Koha item type |
|---|---|---|---|---|---|---|---|---|---|---|---|---|---|---|---|
| Dewey Decimal Classification | Restricted Access | Not For Loan | SGT Dental Library | SGT Dental Library | 07/03/2025 | Vol.43 | SGTU | PD1196 | 07/03/2025 | 07/03/2025 | Back Volumes | ||||
| Dewey Decimal Classification | Restricted Access | Not For Loan | SGT Dental Library | SGT Dental Library | 07/03/2025 | Vol.46 | SGTU | PD1197 | 07/03/2025 | 07/03/2025 | Back Volumes |